Multilingual Offline Handwritten Text Recognition for Latin Scripts
Saved in:
| Main Author: | |
|---|---|
| Other Authors: | |
| Format: | Manuscript Book |
| Language: | Slovak English |
| Published: |
2025
|
| Subjects: | |
| Online Access: | http://is.stuba.sk/zp/portal_zp.pl?podrobnosti=184261 |
| Tags: |
No Tags, Be the first to tag this record!
|
MARC
| LEADER | 00000ntm a22000003a 4500 | ||
|---|---|---|---|
| 001 | stuzp105855 | ||
| 003 | SK-STU | ||
| 005 | 20250607211836.7 | ||
| 007 | ta | ||
| 008 | 150427s2015----xo-----f-mn---000-0-slo-d | ||
| 040 | |a STU |b slo | ||
| 041 | 0 | |a eng | |
| 100 | 1 | |a Smoleniak, Samuel |u 070400 |4 aut |U FIIT Fakulta informatiky a informačných technológií |T FIIT Ústav počítačového inžinierstva a aplikovanej informatiky |X 127967 |U I400 |Y 672 |7 127967 | |
| 242 | 0 | 1 | |a Multijazyčné rozpoznávanie ručne písaného textu v latinskom písme |y slo |
| 245 | 1 | 0 | |a Multilingual Offline Handwritten Text Recognition for Latin Scripts |
| 260 | |c 2025 | ||
| 650 | 4 | |a Low-resource Languages |2 eng | |
| 650 | 4 | |a Document Image Analysis |2 eng | |
| 650 | 4 | |a Multilingual OCR |2 eng | |
| 650 | 4 | |a Handwritten Text Recognition HTR |2 eng | |
| 650 | 4 | |a Viacjazyčné OCR |2 slo | |
| 650 | 4 | |a Analýza dokumentov |2 slo | |
| 650 | 4 | |a Rozpoznávanie ručne písaného textu |2 slo | |
| 700 | 1 | |a Bakonyi, Peter |u 070400 |k Z8 |4 ths |U FIIT Fakulta informatiky a informačných technológií |T FIIT Ústav počítačového inžinierstva a aplikovanej informatiky |X 73658 |U I400 |Y 672 |7 73658 | |
| 856 | 4 | |u http://is.stuba.sk/zp/portal_zp.pl?podrobnosti=184261 | |